| 000 | 02497cam a2200337 4500500 | ||
|---|---|---|---|
| 005 | 20260405003221.0 | ||
| 041 | _afre | ||
| 042 | _adc | ||
| 100 | 1 | 0 |
_aDamamme, Pierre _eauthor |
| 245 | 0 | 0 | _aLa symbolique de l’escalier dans Le Vent noir de Paul Gadenne |
| 260 | _c2026. | ||
| 500 | _a77 | ||
| 520 | _aRésuméLes escaliers ne manquent pas dans Le Vent noir de Paul Gadenne (1947). Nombre de scènes importantes s’y jouent. Loin de se réduire à un simple élément du décor, ce lieu de passage remplit une fonction symbolique évidente en transformant les déambulations en quêtes initiatiques. Lieu de l’attente et de la rencontre, l’escalier matérialise les aspirations métaphysiques d’un héros en quête d’amour, mais aussi de rédemption. Il marque la nécessité d’une mise en lien en même temps que son impossibilité. L’ambivalence de ce symbole n’a pas échappé au romancier qui en exploite les aspects positifs et négatifs pour mieux signaler l’ascension ou la régression de son héros. C’est pourquoi le roman peut se lire comme un drame de la verticalité qui conjugue promesse d’ascension et appel de l’abîme. | ||
| 520 | _aThere is no shortage of staircases in Paul Gadenne’s Le Vent noir (1947). Many important scenes take place there. Far from being a mere element of the setting, this place of passage fulfills an obvious symbolic function by transforming wanderings into initiatory quests. A place of waiting and encounter, the staircase embodies the metaphysical aspirations of a hero in search of love, but also of redemption. It marks the necessity of connection as well as its impossibility. The ambivalence of this symbol has not escaped the novelist, who exploits its positive and negative aspects to better signal his hero’s ascent or regression. This is why the novel can be read as a drama of verticality that combines the promise of ascension with the call of the abyss. | ||
| 690 | _aascension | ||
| 690 | _adéchéance | ||
| 690 | _adécor | ||
| 690 | _aescaliers | ||
| 690 | _aLe Vent noir | ||
| 690 | _aPaul Gadenne | ||
| 690 | _arégression | ||
| 690 | _aascent | ||
| 690 | _adecline | ||
| 690 | _aLe Vent noir | ||
| 690 | _aPaul Gadenne | ||
| 690 | _aregression | ||
| 690 | _asetting | ||
| 690 | _astaircases | ||
| 786 | 0 | _nRoman 20-50 | 79 | 1 | 2026-03-12 | p. 157-169 | 0295-5024 | |
| 856 | 4 | 1 | _uhttps://shs.cairn.info/revue-roman2050-2025-1-page-157?lang=fr&redirect-ssocas=7080 |
| 999 |
_c2065456 _d2065456 |
||